Ελληνική ακτοπλοϊα : διπλωματική εργασία

Αποθηκεύτηκε σε:
Λεπτομέρειες βιβλιογραφικής εγγραφής
Κύριος συγγραφέας: Τριαντάκη, Γεωργία
Συγγραφή απο Οργανισμό/Αρχή: Πανεπιστήμιο Αιγαίου Σχολή Επιστημών της Διοίκησης Τμήμα Διοίκησης Επιχειρήσεων - Τ.Δ.Ε
Άλλοι συγγραφείς: Πετρόγγονας, Δημήτρης (dgs [Επιβλέπων καθηγητής])
Μορφή: Thesis Βιβλίο
Γλώσσα:Greek
Δημοσίευση: 1998.
Θέματα:
Ετικέτες: Προσθήκη ετικέτας
Δεν υπάρχουν, Καταχωρήστε ετικέτα πρώτοι!

MARC

LEADER 00000cam a2200000 i 4500
001 1/101038
008 000207s1998 gre d
035 |l 10057517 
040 |a GR-MY-UA  |b gre  |e aacr 
041 0 |a gre 
082 0 |a 387.509495  |2 (22) 
100 1 |a Τριαντάκη, Γεωργία. 
245 1 0 |a Ελληνική ακτοπλοϊα :   |b διπλωματική εργασία /   |c Γεωργία Τριαντάκη ; επιβλέπων καθηγητής : Δ. Πετρόγγονας.  
260 |c 1998.  
300 |a 229 σ. ;   |c 30 εκ.  
500 |a Διδάσκων καθηγητής Δ. Πετρόγγονας.  
502 # # |a Πτυχιακή εργασία – Πανεπιστήμιο Αιγαίου, Χίος, 1998. 
504 |a Περιλαμβάνει βιβλιογραφία.  
610 2 0 |a Πανεπιστήμιο Αιγαίου. 
650 0 0 |a Shipping  |z Greece. 
650 0 0 |a Shipping companies (Marine transportation) 
650 0 0 |a Ships  |x Safety regulations. 
650 0 0 |a Dissertations, Academic  |z Greece. 
700 1 |a Πετρόγγονας, Δημήτρης,  |e dgs [Επιβλέπων καθηγητής] 
710 1 |a Πανεπιστήμιο Αιγαίου  |b Σχολή Επιστημών της Διοίκησης  |b Τμήμα Διοίκησης Επιχειρήσεων - Τ.Δ.Ε. 
852 |a INST  |b CHIOS  |c DIATR  |e 20000207  |h 387.509495 ΤΡΙ  |p 005200019012  |q 005200019012  |t DIE  |y 23 
901 |a BIBL2-2000-1 
909 |a Χ  |b 056055 
924 |a ΤΡΙΑΝΤΑΚΗ  |b ΓΕΩΡΓΙΑ  |y ΧΙΟΣ  |z 2000-02 
970 |a ΠΟΥΛΑΚΗ  |b ΣΤΕΛΛΑ  |z 2000/02/07